[Event "HUN-chT2 Barcza 2324"]
[White "Kovacs, Mate"]
[Black "Orenstein, Mark"]
[Site "Hungary"]
[Round "6.11"]
[Result "0-1"]
[Date "2024.03.10"]
[WhiteElo "1617"]
[BlackElo "1629"]
[PlyCount "66"]
[EventDate "2023.10.08"]
[EventType "team-tourn"]
[EventRounds "9"]
[EventCountry "HUN"]
[SourceTitle "EXT 2025"]
[Source "ChessBase"]
[SourceDate "2024.10.14"]
[SourceVersion "1"]
[SourceVersionDate "2024.10.14"]
[SourceQuality "1"]
[WhiteTeam "Lillafured DVTK II"]
[BlackTeam "Debrecen Sakkiskola"]
[WhiteTeamCountry "HUN"]
[BlackTeamCountry "HUN"]

1. d4 d5 2. c4 e6 3. a3 Nf6 4. Bf4 Bd6 5. Bg3 Ne4 6. Nc3 Nxg3 7. hxg3 c6 8. e3 Nd7 9. cxd5 cxd5 10. Rc1 a6 11. Bd3 h6 12. Nf3 Nf6 13. e4 dxe4 14. Nxe4 Nxe4 15. Bxe4 Rb8 16. g4 Bd7 17. g5 Bf4 18. Rc3 Bxg5 19. Ne5 Bf6 20. Rg3 Bxe5 21. dxe5 Qa5+ 22. b4 Qxe5 23. Re3 Qc7 24. Re2 Qc3+ 25. Rd2 Bc6 26. Bxc6+ Qxc6 27. f3 0-0 28. Rc2 Qd5 29. Qc1 Rfd8 30. Kf2 Qd7 31. Rxh6 gxh6 32. Qxh6 Qd4+ 33. Kg3 Qg7+ 0-1